Historia de Suiza: ojeada a la evolución de un pequeño país desde sus orígenes hasta nuestros días
Guardat en:
| Autor principal: | |
|---|---|
| Format: | Llibre |
| Idioma: | espanyol |
| Publicat: |
Zurich
Pro Helvieta
1983
|
| Edició: | 4a. ed |
| Matèries: | |
| Etiquetes: |
Afegir etiqueta
Sense etiquetes, Sigues el primer a etiquetar aquest registre!
|
MARC
| LEADER | 00000nam a2200000 a 4500 | ||
|---|---|---|---|
| 001 | UCJ1861 | ||
| 003 | CL-VaPUC | ||
| 008 | 061117e19830000SZ |||||||||||||||||spa|d | ||
| 020 | |a 3908102049 | ||
| 082 | 0 | 4 | |a 949.4 |b FAH |2 21 |
| 100 | 0 | |a Fahrni, Dieter |e author |9 502616 | |
| 245 | 1 | 0 | |a Historia de Suiza: ojeada a la evolución de un pequeño país desde sus orígenes hasta nuestros días |
| 250 | |a 4a. ed | ||
| 300 | |a 145 p | ||
| 942 | |c BK | ||
| 945 | |d 20061117 00:00:00 |a jtorresc | ||
| 260 | |a Zurich |b Pro Helvieta |c 1983 | ||
| 650 | 7 | |a HOISTORIA DE SUIZA |2 CL-VaPUC |9 502617 | |
| 650 | 7 | |a ORIGENES |2 CL-VaPUC |9 367418 | |
| 650 | 0 | |a Revoluciones |9 255713 | |
| 583 | |a last modification |c 20061117 00:00:00 |k Rodrigo Vera | ||
| 999 | |c 318294 |d 318292 | ||
| 952 | |0 0 |1 0 |4 0 |6 949_400000000000000_FAH_1983 |7 0 |8 A |9 396018 |a BIBHIS |b BIBHIS |d 2019-11-22 |i 4248236 |o 949.4 FAH 1983 |p 4248236 |r 2025-01-20 |w 2019-11-22 |y BK |k HIS | ||